000
00283nam a22001097a 4500
008
170118b xxu||||| |||| 00| 0 eng d
020
_a
00887235166
041
_a
eng
080
_a
618.2
245
_a
THE WORLD'S GREATEST TREASERY OF THEALTH SECRETS
_c
RECHTSCHAFFEN, S
942
_2
udc
_c
BK
999
_c
3126
_d
3126